000 00374nam a2200133Ia 4500
005 20260328104312.0
008 260328s9999||||xx |||||||||||||| ||und||
100 _aEscorcia Oyola, Olavo
245 0 _aAnatomía y Fisiología de la Edificación /
_cOlavo Escorcia Oyola
260 _bUniversidad Nacional de Colombia
300 _a148 p.
650 _aANATOMIA
942 _cBK
999 _c11016
_d11016